00346nam a2200133Ia 4500008004100000041000800041082001500049100001800064245003300082260002000115300000800135365001600143700005300159230718s9999 xx 000 0 und d aeng a621.1bPHA aPhadkule V.N. aBasic Mechanical Engineering c2005bTechancal a501 cRs.b200.00 aPhadkule V.N., Kale K.B., Karad A.A. & Wale R.S.